[Event "Challenge"]
[Site "http://www.queenalice.com/game.php?id=1232791"]
[Date "2013.11.16"]
[Round "-"]
[White "Zwartkijker"]
[Black "Akagi"]
[Result "1-0"]
[WhiteElo "2397"]
[BlackElo "1500"]

1. d4 Nf6 2. c4 e6 3. Nc3 Bb4 4. Nf3 c5 5. d5 exd5 6. cxd5 d6 7. a3 Bxc3+ 8.
bxc3 Qa5 9. Qd3 Nxd5 10. Bd2 c4 11. Qxc4 O-O 12. Nd4 Nb6 13. Qb5 Nc6 14. e4 Re8
15. f3 d5 16. Nxc6 Qxb5 17. Bxb5 a6 18. Na7 Bd7 19. Bxd7 Nxd7 20. Be3 1-0

[Event "AUTO-ELITE-1256"]
[Site "http://www.queenalice.com/game.php?id=1240587"]
[Date "2013.12.16"]
[Round "1"]
[White "rheenz"]
[Black "Zwartkijker"]
[Result "1-0"]
[WhiteElo "2611"]
[BlackElo "2398"]

1. e4 d6 2. Nf3 Nf6 3. Nc3 g6 4. d4 Bg7 5. Be2 O-O 6. O-O c6 7. h3 b5 8. e5 dxe5
9. Nxe5 Nfd7 10. Nf3 Nb6 11. a4 b4 12. Ne4 Nd5 13. Bg5 Nd7 14. Bc4 h6 15. Bd2 a5
16. Qc1 Kh7 17. Re1 Ba6 18. Bxa6 Rxa6 19. c4 bxc3 20. bxc3 Qc7 21. c4 Nb4 22.
Ra3 Rb6 23. h4 Rb7 24. h5 g5 25. Nfxg5+ hxg5 26. Nxg5+ Kg8 27. Rg3 Bxd4 28. Bf4
Qb6 29. Be3 Bxe3 30. Rexe3 Na2 31. Qd2 Qb4 32. Ne6+ 1-0

[Event "AUTO-ELITE-1256"]
[Site "http://www.queenalice.com/game.php?id=1240588"]
[Date "2013.12.16"]
[Round "1"]
[White "Zwartkijker"]
[Black "rheenz"]
[Result "0-1"]
[WhiteElo "2404"]
[BlackElo "2627"]

1. d4 Nf6 2. c4 g6 3. Nc3 Bg7 4. e4 d6 5. Nf3 c5 6. dxc5 Qa5 7. Bd2 Qxc5 8. Be2
O-O 9. O-O Nbd7 10. Be3 Qc7 11. Rc1 b6 12. b4 Bb7 13. Nd5 Qd8 14. Qd3 e6 15.
Nxf6+ Nxf6 16. Nd2 a5 17. a3 Qc7 18. Bd4 Nd7 19. Bxg7 Kxg7 20. f4 Nf6 21. Qc3 e5
22. Qe3 axb4 23. axb4 Ra4 24. Rb1 Ra2 25. Ra1 Rxa1 26. Rxa1 exf4 27. Qxf4 Re8
28. Bd3 Nd7 29. Nf3 Ne5 30. Nxe5 dxe5 31. Qe3 Rd8 32. c5 Rd4 33. Rb1 Bc8 34. Rc1
Be6 35. Bb5 bxc5 36. bxc5 Qb7 37. Be2 Rxe4 38. Bf3 Rxe3 39. Bxb7 Kf6 40. c6 Rb3
41. Rc5 e4 42. Kf1 e3 43. Ba6 Ra3 44. Bb7 Bg4 45. Rc1 Rd3 46. Kg1 Ke7 47. h3 Be6
48. Kf1 Rb3 49. Ke2 Kd6 50. Ba6 Kc7 51. g4 Rb6 52. Bb7 Rb2+ 53. Kf3 Rh2 54. Kg3
Ra2 55. Re1 e2 56. Kf2 Bc4 57. Rc1 Bd3 58. Re1 h6 59. Ke3 Bb5 0-1

[Event "AUTO-ELITE-1256"]
[Site "http://www.queenalice.com/game.php?id=1240595"]
[Date "2013.12.16"]
[Round "1"]
[White "Zwartkijker"]
[Black "Chuzete"]
[Result "1/2-1/2"]
[WhiteElo "2389"]
[BlackElo "2469"]

1. d4 Nf6 2. c4 g6 3. Nc3 Bg7 4. e4 d6 5. Nf3 O-O 6. Be2 e5 7. d5 a5 8. Be3 Ng4
9. Bg5 f6 10. Bh4 Na6 11. O-O Nh6 12. Ne1 Qe8 13. Nd3 f5 14. f3 b6 15. Qc2 Nc5
16. b3 Bf6 17. Bxf6 Rxf6 18. a3 Bd7 19. b4 Nxd3 20. Bxd3 Qe7 21. Qd2 Kg7 22.
Rac1 Rff8 23. exf5 axb4 24. axb4 Nxf5 25. Bxf5 Bxf5 26. f4 Bd7 27. fxe5 Rxf1+
28. Rxf1 Qxe5 29. Re1 Qf6 30. Ne4 Qe5 31. Nc3 Qf6 32. h3 h5 33. Ne4 Qe5 34. Nc3
Qf6 35. Ne4 1/2-1/2

[Event "AUTO-ELITE-1256"]
[Site "http://www.queenalice.com/game.php?id=1240596"]
[Date "2013.12.16"]
[Round "1"]
[White "Chuzete"]
[Black "Zwartkijker"]
[Result "1-0"]
[WhiteElo "2466"]
[BlackElo "2400"]

1. e4 d6 2. d4 Nf6 3. Nc3 g6 4. Be3 Bg7 5. Qd2 Ng4 6. Bg5 h6 7. Bh4 g5 8. Bg3 e5
9. Nf3 exd4 10. Nxd4 Nc6 11. Nxc6 bxc6 12. Bc4 Ne5 13. Bb3 Be6 14. h4 g4 15.
O-O-O Rb8 16. Qe2 h5 17. f4 gxf3 18. gxf3 Qc8 19. Kb1 Ng6 20. Rhg1 Qb7 21. Nd5
a5 22. Nxc7+ Qxc7 23. Bxd6 Qb7 24. Bxb8 a4 25. Bd6 axb3 26. cxb3 Bf6 27. Qd2 Qc8
28. Bc5 Bxh4 29. Qc3 Rh7 30. f4 Bg4 31. f5 Ne7 32. f6 Ng6 33. Bb6 1-0

[Event "AUTO-ELITE-1307"]
[Site "http://www.queenalice.com/game.php?id=1267780"]
[Date "2014.3.24"]
[Round "1"]
[White "tucot"]
[Black "Zwartkijker"]
[Result "0-1"]
[WhiteElo "2340"]
[BlackElo "2406"]

1. e4 g6 2. d4 Bg7 3. Nc3 d6 4. Be3 c6 5. a4 Nf6 6. Bc4 O-O 7. Bb3 d5 8. exd5
cxd5 9. h3 Nc6 10. Nf3 Bf5 11. O-O Rc8 12. Ne5 Na5 13. g4 Nxb3 14. cxb3 Be6 15.
f4 a5 16. f5 Bd7 17. Qe1 Bc6 18. Qh4 Qd6 19. Rad1 Ne4 20. Nxe4 dxe4 21. Bf4 Qb4
22. d5 Be8 23. d6 exd6 24. f6 Qb6+ 25. Rf2 Bh8 26. Nc4 Qxb3 27. Ne3 Bd7 28. Rxd6
Be6 29. Rfd2 Qxa4 30. g5 Qb5 31. Qg3 h6 32. h4 Rfe8 33. Kh2 Rc1 34. h5 Bxf6 35.
hxg6 hxg5 36. gxf7+ Kxf7 37. Rxe6 Rxe6 0-1

[Event "AUTO-ELITE-1307"]
[Site "http://www.queenalice.com/game.php?id=1267781"]
[Date "2014.3.24"]
[Round "1"]
[White "Zwartkijker"]
[Black "tucot"]
[Result "1-0"]
[WhiteElo "2403"]
[BlackElo "2358"]

1. d4 Nf6 2. c4 g6 3. Nc3 Bg7 4. e4 d6 5. Be2 O-O 6. f4 c5 7. d5 b5 8. cxb5 a6
9. bxa6 Bxa6 10. Nf3 e6 11. dxe6 fxe6 12. O-O Nc6 13. Bxa6 Rxa6 14. Qe2 Qb6 15.
Kh1 Raa8 16. Rb1 Nd4 17. Qc4 Qa6 18. Qxa6 Rxa6 19. b4 Rb8 20. b5 Ra5 21. Nd2 d5
22. a4 c4 23. Ba3 Bf8 24. Bxf8 Kxf8 25. Kg1 Nc2 26. f5 gxf5 27. exd5 exd5 28.
Rxf5 Kg7 29. Rg5+ Kh6 30. h4 Na3 31. Rf1 Rb6 32. Nf3 1-0

[Event "AUTO-ELITE-1307"]
[Site "http://www.queenalice.com/game.php?id=1267786"]
[Date "2014.3.24"]
[Round "1"]
[White "Zwartkijker"]
[Black "BEBADO"]
[Result "1-0"]
[WhiteElo "2395"]
[BlackElo "2286"]

1. d4 Nf6 2. c4 g6 3. Nc3 Bg7 4. e4 d6 5. f4 O-O 6. Be2 c5 7. d5 e6 8. Nf3 exd5
9. cxd5 Re8 10. Qc2 Nxe4 11. Nxe4 Bf5 12. Nfg5 Qe7 13. Bf3 Bxe4 14. Bxe4 h6 15.
Ne6 fxe6 16. O-O exd5 17. Bxd5+ Kh7 18. f5 Na6 19. fxg6+ Kh8 20. Bxh6 Bxh6 21.
Qc3+ Qe5 22. Rf7 1-0

[Event "AUTO-ELITE-1307"]
[Site "http://www.queenalice.com/game.php?id=1267787"]
[Date "2014.3.24"]
[Round "1"]
[White "BEBADO"]
[Black "Zwartkijker"]
[Result "0-1"]
[WhiteElo "2245"]
[BlackElo "2404"]

1. c4 g6 2. Nc3 Bg7 3. Nf3 d6 4. g3 c6 5. Bg2 Nd7 6. O-O Ngf6 7. d3 O-O 8. Rb1
Qc7 9. b4 a6 10. Bd2 Re8 11. a4 b6 12. b5 axb5 13. axb5 c5 14. Ne5 Bb7 15. Nxd7
Nxd7 16. Nd5 Qb8 17. Qc2 e6 18. Nc3 Bxg2 19. Kxg2 Qb7+ 20. Kg1 d5 21. Ra1 Ne5
22. f4 Ng4 23. Rxa8 Rxa8 24. Nd1 dxc4 25. dxc4 Ra3 26. e3 Qa8 27. h3 Nxe3 0-1

[Event "AUTO-OPEN-3219"]
[Site "http://www.queenalice.com/game.php?id=1267930"]
[Date "2014.3.25"]
[Round "1"]
[White "marcomasao"]
[Black "Zwartkijker"]
[Result "0-1"]
[WhiteElo "1675"]
[BlackElo "2394"]

1. e4 g6 2. Nc3 Bg7 3. Bc4 d6 4. Nf3 c6 5. Ng5 e6 6. d3 Ne7 7. Qf3 O-O 8. Qe2 b5
9. Bb3 a5 10. a3 a4 11. Ba2 c5 12. Nf3 b4 13. Nb5 b3 14. cxb3 Qa5+ 15. Bd2 Qxb5
16. b4 Bxb2 17. Rb1 Bxa3 18. bxc5 Qxc5 19. O-O Nbc6 20. Be3 Qc3 21. Bh6 Rd8 22.
Ng5 Nd4 23. Qe3 Nec6 24. Qf4 Ne2+ 25. Kh1 Nxf4 26. Rfd1 Nxd3 27. Kg1 Qc2 28. Ra1
Nxf2 29. Rf1 Bc5 0-1

[Event "AUTO-OPEN-3219"]
[Site "http://www.queenalice.com/game.php?id=1267931"]
[Date "2014.3.25"]
[Round "1"]
[White "Zwartkijker"]
[Black "marcomasao"]
[Result "1-0"]
[WhiteElo "2393"]
[BlackElo "1689"]

1. d4 d5 2. c4 Bf5 3. Nf3 Nc6 4. Nc3 Nb4 5. Qa4+ Nc6 6. cxd5 Nf6 7. dxc6 b6 8.
Bg5 h6 9. Bxf6 gxf6 10. e4 Bg6 11. Ba6 Bg7 12. Bb7 Rb8 13. Qxa7 O-O 14. a4 e6
15. a5 bxa5 16. Qxa5 Re8 17. O-O e5 18. Rfd1 Re7 19. dxe5 Qe8 20. exf6 Bxf6 21.
Nd5 Re6 22. Nxc7 Qe7 23. Nxe6 Bxe4 24. c7 Bxb7 25. cxb8=Q+ Kh7 26. Qf5# 1-0

[Event "AUTO-OPEN-3219"]
[Site "http://www.queenalice.com/game.php?id=1267954"]
[Date "2014.3.25"]
[Round "1"]
[White "whitecoat"]
[Black "Zwartkijker"]
[Result "0-1"]
[WhiteElo "1679"]
[BlackElo "2392"]

1. e4 g6 2. d4 Bg7 3. Nc3 d6 4. f4 c6 5. Nf3 Bg4 6. Be3 Nd7 7. h3 Bxf3 8. Qxf3
b5 9. a3 e6 10. Bd3 Ne7 11. O-O-O a5 12. g4 b4 13. Na4 Rb8 14. d5 cxd5 15. exd5
Nxd5 16. Be4 Nxe3 17. Qxe3 Qc7 18. c3 bxa3 19. bxa3 O-O 20. Kc2 d5 21. Bg2 Qc4
22. Nb2 Rxb2+ 23. Kxb2 Rb8+ 24. Ka1 Bxc3+ 0-1

[Event "AUTO-OPEN-3219"]
[Site "http://www.queenalice.com/game.php?id=1267955"]
[Date "2014.3.25"]
[Round "1"]
[White "Zwartkijker"]
[Black "whitecoat"]
[Result "1-0"]
[WhiteElo "2391"]
[BlackElo "1681"]

1. d4 e6 2. c4 f5 3. Nc3 Nf6 4. g3 c5 5. d5 Qa5 6. Bg2 Qb4 7. Qd3 d6 8. Bd2 Qxb2
9. Rb1 Qa3 10. Qc2 Qa5 11. dxe6 Nc6 12. Nd5 Qd8 13. Nxf6+ Qxf6 14. Qa4 Qxe6 15.
Bxc6+ Bd7 16. Rxb7 Rd8 17. Nh3 g6 18. Nf4 Qf7 19. Bxd7+ Rxd7 20. Nd5 Bg7 21.
Rb8# 1-0

[Event "AUTO-OPEN-3219"]
[Site "http://www.queenalice.com/game.php?id=1267968"]
[Date "2014.3.25"]
[Round "1"]
[White "pedrolopez"]
[Black "Zwartkijker"]
[Result "1-0"]
[WhiteElo "2542"]
[BlackElo "2409"]

1. e4 g6 2. d4 Bg7 3. Nc3 d6 4. Bg5 c6 5. Qd2 b5 6. f4 b4 7. Nd1 Qb6 8. Nf3 Bg4
9. c3 bxc3 10. bxc3 h6 11. Bh4 c5 12. e5 Nd7 13. Bd3 Bxf3 14. Rb1 Qc6 15. gxf3
Qxf3 16. Nf2 Rd8 17. Be4 Qh5 18. Bc6 Qxh4 19. dxc5 Rc8 20. Bxd7+ Kxd7 21. exd6
exd6 22. O-O Rxc5 23. Ne4 Rc6 24. Rb7+ Kd8 25. Nxd6 1-0

[Event "AUTO-OPEN-3219"]
[Site "http://www.queenalice.com/game.php?id=1267969"]
[Date "2014.3.25"]
[Round "1"]
[White "Zwartkijker"]
[Black "pedrolopez"]
[Result "0-1"]
[WhiteElo "2410"]
[BlackElo "2530"]

1. d4 Nf6 2. c4 e6 3. Nc3 Bb4 4. Qb3 c5 5. dxc5 Nc6 6. Bg5 h6 7. Bxf6 Qxf6 8.
Rd1 a5 9. Nf3 a4 10. Qc2 a3 11. Nd2 axb2 12. Nce4 Qe5 13. Rb1 Rxa2 14. e3 f5 15.
Nd6+ Ke7 16. Be2 b6 17. Nb5 bxc5 18. O-O Bb7 19. Nf3 Qf6 20. Rfd1 Ne5 21. Nxe5
Qxe5 22. Bd3 Rha8 23. Qe2 f4 24. Bc2 Ra1 25. Qd3 Bc6 26. exf4 Qxf4 27. Rxb2
Rxd1+ 28. Qxd1 Qxc4 0-1

[Event "AUTO-OPEN-3266"]
[Site "http://www.queenalice.com/game.php?id=1286309"]
[Date "2014.6.6"]
[Round "1"]
[White "Zwartkijker"]
[Black "Edmorf"]
[Result "1-0"]
[WhiteElo "2415"]
[BlackElo "1754"]

1. d4 d5 2. c4 c6 3. Nf3 e6 4. Bf4 Bb4+ 5. Nbd2 Nf6 6. e3 Ne4 7. a3 Nxd2 8. Nxd2
Bd6 9. Qf3 O-O 10. Bd3 Qe7 11. O-O Nd7 12. Qh3 Nf6 13. Be5 g6 14. f4 Bxe5 15.
fxe5 Ne4 16. Bxe4 dxe4 17. Nxe4 b6 18. Nf6+ Kg7 19. Qxh7# 1-0

[Event "AUTO-OPEN-3266"]
[Site "http://www.queenalice.com/game.php?id=1286310"]
[Date "2014.6.6"]
[Round "1"]
[White "Edmorf"]
[Black "Zwartkijker"]
[Result "0-1"]
[WhiteElo "1860"]
[BlackElo "2428"]

1. c4 g6 2. Nc3 Bg7 3. g3 d6 4. Bg2 c6 5. b3 e5 6. d3 f5 7. Rb1 Nf6 8. Bg5 h6 9.
Bc1 O-O 10. e4 Qb6 11. Be3 Qb4 12. Ne2 fxe4 13. O-O exd3 14. Qxd3 Bf5 15. Be4
Nxe4 16. Nxe4 d5 17. cxd5 Bxe4 18. Bd2 Bxd3 19. Bxb4 Bxe2 20. Rfe1 Bf3 21. Bxf8
Kxf8 22. d6 Nd7 23. h4 e4 24. b4 Bd4 25. a3 Ne5 26. Rb3 Rd8 27. Rc1 Rxd6 28. b5
Bb6 29. bxc6 bxc6 30. a4 Rd2 31. Kf1 Rxf2+ 32. Ke1 Nd3+ 33. Rxd3 exd3 34. Rd1
Re2+ 35. Kf1 Bg2# 0-1

[Event "AUTO-ELITE-1307"]
[Site "http://www.queenalice.com/game.php?id=1293567"]
[Date "2014.7.9"]
[Round "2"]
[White "pedrolopez"]
[Black "Zwartkijker"]
[Result "1-0"]
[WhiteElo "2578"]
[BlackElo "2429"]

1. e4 g6 2. d4 Bg7 3. Nf3 d6 4. c3 Nf6 5. Bd3 O-O 6. O-O c5 7. dxc5 dxc5 8. h3
Qc7 9. Be3 Rd8 10. Qc2 Nc6 11. Bxc5 Ne5 12. Nxe5 Qxc5 13. Nf3 Nh5 14. Rd1 Nf4
15. Bf1 Bd7 16. Nbd2 Bc6 17. Nb3 Qb6 18. Nbd4 Bd7 19. e5 Rac8 20. a4 Ne6 21. a5
Qc7 22. Qe4 Nxd4 23. cxd4 1-0

[Event "AUTO-ELITE-1307"]
[Site "http://www.queenalice.com/game.php?id=1293568"]
[Date "2014.7.9"]
[Round "2"]
[White "Zwartkijker"]
[Black "pedrolopez"]
[Result "0-1"]
[WhiteElo "2424"]
[BlackElo "2583"]

1. d4 d5 2. c4 Nc6 3. cxd5 Qxd5 4. e3 e5 5. Nc3 Bb4 6. Bd2 Bxc3 7. bxc3 Qd6 8.
Bd3 Nf6 9. Ne2 O-O 10. Ng3 Be6 11. Qc2 Rad8 12. Be2 Na5 13. c4 exd4 14. c5 Qd7
15. Bxa5 d3 16. Bxd3 Qxd3 17. Qxd3 Rxd3 18. Ke2 Bc4 19. Rac1 Ba6 20. Kf3 b6 21.
Bb4 Nd5 22. a3 Rd8 23. Ne2 Bb7 0-1